| 000 | 01392cam a2200385Ia 4500 | ||
|---|---|---|---|
| 001 | 8757848 | ||
| 003 | OSt | ||
| 005 | 20210909105300.0 | ||
| 006 | m u | ||
| 007 | cr cn||||||||| | ||
| 008 | 091102r20102007enk sb 001 0 eng d | ||
| 020 | _z9781848851979 (pbk. | ||
| 035 | _a(CaPaEBR)ebr10424516 | ||
| 035 | _a(NNC)8757848 | ||
| 038 | _akhadija | ||
| 040 |
_aCaPaEBR _cCaPaEBR |
||
| 050 | 1 | 4 |
_aBP190.5.V56 _bI75 2010eb |
| 082 | 0 | 4 |
_a297.272 _222 _bSHA |
| 245 | 0 | 0 |
_aIslam and political violence _bMuslim diaspora and radicalism in the West / _cedited by Shahram Akbarzadeh & Fethi Mansouri. |
| 260 |
_aLondon : _bI. B. Tauris, _c2010. |
||
| 300 | _a258 p. | ||
| 504 | _aIncludes bibliographical references and index. | ||
| 533 |
_aElectronic reproduction. _bPalo Alto, Calif. : _cebrary, _d2010. _nAvailable via World Wide Web. _nAccess may be limited to ebrary affiliated libraries. |
||
| 563 | _apaperback | ||
| 650 | 0 |
_aPolitical violence _xReligious aspects _xIslam. _982304 |
|
| 650 | 0 |
_aIslamic fundamentalism. _9293 |
|
| 650 | 0 |
_aIslam and politics. _927835 |
|
| 655 | 7 |
_aElectronic books. _2local _9621 |
|
| 700 | 1 |
_aAkbarzadeh, Shahram. _982305 |
|
| 700 | 1 |
_aMansouri, Fethi. _982306 |
|
| 710 | 2 |
_aebrary, Inc. _9622 |
|
| 856 | 4 | 0 |
_uhttp://www.columbia.edu/cgi-bin/cul/resolve?clio8757848 _zClick here for full text. |
| 942 |
_2ddc _cBK |
||
| 999 |
_c32536 _d32536 |
||